LEADER 03326oas 2201069 a 450 001 9910223631303321 005 20250606213024.0 035 $a(OCoLC)41167991 035 $a(CONSER) 2004255427 035 $a(CKB)954921369601 035 $a(EXLCZ)99954921369601 100 $a19990414a19789999 uy 101 0 $aeng 135 $aurmnu|||||||| 181 $ctxt$2rdacontent 182 $cc$2rdamedia 183 $acr$2rdacarrier 200 10$aMarketing week 210 1$aLondon :$cMarketing Week Communications 215 $a1 online resource 311 08$a0141-9285 606 $aMarketing$zGreat Britain$xManagement$vPeriodicals 606 $aMarketing$zGreat Britain$vPeriodicals 606 $aMarketing$xManagement$vPeriodicals 606 $aAdvertising$zGreat Britain$vPeriodicals 606 $aAdvertising$vPeriodicals 606 $aMass media$zGreat Britain$vPeriodicals 606 $aMass media$vPeriodicals 606 $aPublicite?$vPe?riodiques$3(CaQQLa)201-0382768 606 $aPublicite?$3(CaQQLa)201-0382768$zGrande-Bretagne$3(CaQQLa)201-0441031$vPe?riodiques$3(CaQQLa)201-0382768 606 $aMarketing$3(CaQQLa)201-0024062$xGestion$3(CaQQLa)201-0024062$vPe?riodiques$3(CaQQLa)201-0378307 606 $aMarketing$3(CaQQLa)201-0070166$zGrande-Bretagne$3(CaQQLa)201-0441031$vPe?riodiques$3(CaQQLa)201-0378307 606 $aMarketing$3(CaQQLa)201-0024062$zGrande-Bretagne$3(CaQQLa)201-0441031$xGestion$3(CaQQLa)201-0024062$vPe?riodiques$3(CaQQLa)201-0378307 606 $aMe?dias$3(CaQQLa)201-0016366$vPe?riodiques$3(CaQQLa)201-0378307 606 $aMe?dias$3(CaQQLa)201-0016366$zGrande-Bretagne$3(CaQQLa)201-0441031$vPe?riodiques$3(CaQQLa)201-0378307 606 $aAdvertising$2fast$3(OCoLC)fst00797511 606 $aMarketing$2fast$3(OCoLC)fst01010167 606 $aMarketing$xManagement$2fast$3(OCoLC)fst01010209 606 $aMass media$2fast$3(OCoLC)fst01011219 607 $aGreat Britain$2fast$1https://id.oclc.org/worldcat/entity/E39PBJdmp7p3cx8hpmJ8HvmTpP 608 $aPeriodicals.$2fast 608 $aPeriodicals.$2lcgft 615 0$aMarketing$xManagement 615 0$aMarketing 615 0$aMarketing$xManagement 615 0$aAdvertising 615 0$aAdvertising 615 0$aMass media 615 0$aMass media 615 6$aPublicite? 615 6$aPublicite? 615 6$aMarketing$xGestion 615 6$aMarketing 615 6$aMarketing$xGestion 615 6$aMe?dias 615 6$aMe?dias 615 7$aAdvertising. 615 7$aMarketing. 615 7$aMarketing$xManagement. 615 7$aMass media. 801 0$bAAA 801 1$bAAA 801 2$bOCL 801 2$bOCLCQ 801 2$bBNG 801 2$bZCU 801 2$bOCLCQ 801 2$bOCLCO 801 2$bOCLCF 801 2$bOCLCO 801 2$bOCLCQ 801 2$bOCLCA 801 2$bAU@ 801 2$bOCLCQ 801 2$bIOY 801 2$bOCLCL 801 2$bS2H 801 2$bWAU 801 2$bUKBOL 801 2$bDKU 801 2$bDEBBG 801 2$bWT2 801 2$bEUX 801 2$bUAB 801 2$bVT2 801 2$bUKUAL 801 2$bU3W 801 2$bWAU 906 $aNEWSPAPER 912 $a9910223631303321 996 $aMarketing week$93041554 997 $aUNINA